Electric machines and transformers

Kaydedildi:
Detaylı Bibliyografya
Asıl Yazarlar: Anderson, Leonard R (Yazar), Mac Neill, Jack (Yazar)
Materyal Türü: Kitap
Dil:İngilizce
Baskı/Yayın Bilgisi: Englewood Cliffs Prentice-Hall 1988
Edisyon:2a. ed
Konular:
Etiketler: Etiketle
Etiket eklenmemiş, İlk siz ekleyin!

MARC

LEADER 00000nam a2200000 a 4500
001 UCV6195
003 CL-VaPUC
008 900111e19880000US |||||||||||||||||eng|d
082 0 4 |a 621.313  |b AND  |2 21 
100 0 |a Anderson, Leonard R  |e author  |9 300428 
700 0 |a Mac Neill, Jack  |e author  |9 300429 
245 1 0 |a Electric machines and transformers 
250 |a 2a. ed 
300 |a 306 p 
942 |c BK 
945 |d 19900111 00:00:00 
260 |a Englewood Cliffs  |b Prentice-Hall  |c 1988 
650 0 |a Transformadores eléctricos   |9 263198 
650 0 |a Máquinas eléctricas  |9 260079 
583 |a last modification  |c 20120517 12:36:06  |k Rodrigo Vera 
999 |c 212392  |d 212390 
952 |0 0  |1 0  |4 0  |6 621_313000000000000_AND_1988  |7 0  |8 A  |9 193313  |a BIBING  |b BIBING  |d 2019-11-14  |i 2610493  |o 621.313 AND 1988  |p 2610493  |r 2025-01-20  |w 2019-11-14  |y BK  |k EIE